000 00456nam a2200157 a 4500
005 20140412111332.0
008 030317s19uu xx 00 eng d
020 _a0-02-179063-9
050 _aTR(PS E
_bSt7 1975
100 _aBrown, Marcia
245 _aStone soup / :
_ban old tale /
_cby Marcia Brown.
260 _aNew York :
_bMacmillan/McGraw-Hill School Pub. Comp,
_c1975.
300 _a47 p. ; ill.
650 _aChildren stories
999 _c104942
_d104942